00914nam a2200205 a 450000100100000000500170001000800410002704000250006808200090009324501540010226001130025630000350036970000370040470000280044170000410046971000630051004900090057395201090058299900170069100002946020240318114638.0110415s1986 dr ac 000 0 spa d aDO-SdBNPbspacBNPHU axxxx00aPolíticas de población, familia y desarrollo 1986-1990. /credactores y editores Manuel Quiterio Cedeño, Santiago Hirujo, Denis Mota Álvarez. aSanto Domingo :bAsociación Dominicana Pro Bienestar de la Familia, Departamento de Comunicaciones,c1986. a42 p. :bil., retrs. ;c28 cm.1 aQuiterio Cedeño, Manuel9134481 aHirujo, Santiago95632911aMota Álvarez, Denis,d1952-9110072 aAsociación Dominicana Pro Bienestar de la Familia956602 aBNPD 0010718PDaPDbPDcCTd2011-04-15iLF1l0oxxxx p29460-10r2020-06-25w2020-06-25yLFPDZNo se presta c28952d28952